Descartes

Guardat en:
Dades bibliogràfiques
Autor principal: Debricon, L (Autor)
Format: Llibre
Idioma:espanyol
Publicat: París Louis Michaud 1910
Col·lecció:Colección Los Grandes Filósofos
Matèries:
Etiquetes: Afegir etiqueta
Sense etiquetes, Sigues el primer a etiquetar aquest registre!

MARC

LEADER 00000nam a2200000 a 4500
001 UCP4490
003 CL-VaPUC
008 990731e19100000FR |||||||||||||||||spa|d
082 0 4 |a 194  |b DEB  |2 21 
100 0 |a Debricon, L  |e author  |9 432019 
245 1 0 |a Descartes 
300 |a 221 p 
942 |c BK 
945 |d 19990731 00:00:00  |a vberengu 
260 |a París  |b Louis Michaud  |c 1910 
600 0 |a Descartes, René  |e autor  |9 265906 
650 0 |a Filosofía francesa   |9 255698 
650 0 |a Biografías  |9 255210 
650 0 |a Crítica e interpretación   |9 255042 
583 |a last modification  |c 19990731 00:00:00  |k Rodrigo Vera 
490 0 |a Colección Los Grandes Filósofos 
999 |c 282437  |d 282435 
952 |0 0  |1 0  |4 0  |6 194_000000000000000_DEB_1910  |7 0  |8 A  |9 324155  |a BIBDER  |b BIBDER  |d 2019-11-20  |i 3479129  |o 194 DEB 1910  |p 3479129  |r 2023-01-25  |w 2019-11-20  |y BK  |k DER